Shipping and port management / (Record no. 749869)

MARC details
000 -LEADER
fixed length control field 00363nam a2200133 4500
020 ## - INTERNATIONAL STANDARD BOOK NUMBER
ISBN 9789360617837
082 ## - DEWEY DECIMAL CLASSIFICATION NUMBER
Classification number 658.562Log SHR/S
084 ## - OTHER CLASSIFICATION NUMBER
Source of Number Colon Classification
100 ## - MAIN ENTRY--AUTHOR NAME
Personal name Shrinivasan, Ajay
245 ## - TITLE STATEMENT
Title Shipping and port management /
Statement of responsibility, etc Ajay Shrinivasan,
260 ## - PUBLICATION, DISTRIBUTION, ETC. (IMPRINT)
Place of publication New Delhi :
Name of publisher Pinakin Publishing,
Year of publication 2024.
300 ## - PHYSICAL DESCRIPTION
Number of Pages 286p.:
942 ## - ADDED ENTRY ELEMENTS (KOHA)
Source of classification or shelving scheme Dewey Decimal Classification
Koha item type Book
Holdings
Withdrawn status Lost status Source of classification or shelving scheme Damaged status Not for loan Home Library Current Location Shelving location Date acquired Full call number Accession Number Cost, replacement price Price effective from Koha item type
    Dewey Decimal Classification     Institute of Management Institute of Management General Stacks 21/06/2025 658.562Log SHR/S IMK17636 3195.00 21/06/2025 Book